000 00654nam a22001937a 4500
003 LK-CoDNM
005 20241002152937.0
008 241002b |||||||| |||| 00| 0 eng d
040 _aLK-CoDNM
_dLK-CoDNM
_eLK-CoDNM
041 _aeng
080 _a104
_bNN29
245 _aAnnual progress report of the Archaeological department of his exalted highness the Nizam's Dominions
260 _aCalcutta
_bBaptist mission , press
_c1933
300 _b55p. : ill ; 30 cm
650 _aAnnual progress report of the Archaeological department of his exalted highness the Nizam's Dominions
650 _a Archaeological
650 _a104 NN29
942 _cBK
999 _c217403
_d217403